| 000 -LEADER |
| fixed length control field |
00876nam a2200217 a 4500 |
| 020 ## - INTERNATIONAL STANDARD BOOK NUMBER |
| ISBN |
3528020474 |
| 040 ## - CATALOGING SOURCE |
| Transcribing agency |
DJBF |
| 082 00 - DEWEY DECIMAL CLASSIFICATION NUMBER |
| Classification number |
338 FRI 1988 A079 Or. |
| 245 10 - TITLE STATEMENT |
| Title |
Animal power in farming systems : |
| Remainder of title |
the proceedings of the Second West Africa Animal Traction Networkshop, held September 19-25, 1986, Freetown, Sierra Leone / |
| 260 ## - PUBLICATION, DISTRIBUTION, ETC. (IMPRINT) |
| Place of publication |
Braunschweig, [West Germany] : |
| Name of publisher |
Friedr. Vieweg and Sohn, |
| Year of publication |
1988. |
| 300 ## - PHYSICAL DESCRIPTION |
| Number of Pages |
363 p. : |
| Other physical details |
ill., maps ; |
| Dimensions |
24 cm. |
| 500 ## - GENERAL NOTE |
| General note |
English and French. |
| 500 ## - GENERAL NOTE |
| General note |
"A publication of Deutsches Zentrum für Entwicklungstechnologien - GATE, in: Deutsche Gesellschaft für Technische Zusammenarbeit (GTZ) GmbH." |
| 650 #0 - SUBJECT ADDED ENTRY--TOPICAL TERM |
| Topical Term |
Draft animals |
| 650 #0 - SUBJECT ADDED ENTRY--TOPICAL TERM |
| Topical Term |
Animal traction |
| 650 #0 - SUBJECT ADDED ENTRY--TOPICAL TERM |
| Topical Term |
Agricultural systems |
| 700 1# - ADDED ENTRY--PERSONAL NAME |
| Personal name |
Starkey, Paul. |
| 700 1# - ADDED ENTRY--PERSONAL NAME |
| Personal name |
Ndiamé, Fedel. |
| 710 2# - ADDED ENTRY--CORPORATE NAME |
| Corporate name or jurisdiction name as entry element |
German Appropriate Technology Exchange. |
| 942 ## - ADDED ENTRY ELEMENTS (KOHA) |
| Koha item type |
សៀវភៅភាសាបារាំង |
| 952 ## - LOCATION AND ITEM INFORMATION (KOHA) |
| Withdrawn status [LOCAL, KOHA] |
0 |